Hodnotenie marketingovej výkonnosti v podnikoch na Slovensku I.

Meranie a hodnotenie výkonnosti marketingu by dnes malo byť integrálnou súčasťou komplexného hodnotenia výkonnosti podniku. Prezentácia výsledkov 1. časti výskumu zameraného na problematiku merania výkonnosti marketingu v podnikoch na Slovensku.

Gespeichert in:
Bibliographische Detailangaben
1. Verfasser: Grančičová, Katarína, 1967-
Weitere Verfasser: Hrušovská, Dana, 1964-, Romanová, Anita, 1973-
Format: Buchkapitel
Sprache:Slowakisch
Schlagworte:
Tags: Tag hinzufügen
Keine Tags, Fügen Sie das erste Tag hinzu!

MARC

LEADER 00000nla a2200000 4500
001 0240117
005 20240522133902.1
041 0 |a slo 
044 |a SK 
245 1 0 |a Hodnotenie marketingovej výkonnosti v podnikoch na Slovensku I.  |c Katarína Grančičová, Dana Hrušovská, Anita Romanová 
520 |a Meranie a hodnotenie výkonnosti marketingu by dnes malo byť integrálnou súčasťou komplexného hodnotenia výkonnosti podniku. Prezentácia výsledkov 1. časti výskumu zameraného na problematiku merania výkonnosti marketingu v podnikoch na Slovensku. 
610 2 0 |a marketing 
610 2 0 |a hodnotenie pracoviska 
610 2 0 |a výkony vnútropodnikové 
610 2 0 |a meranie výkonnosti 
610 2 0 |a marketing manažment 
100 1 |a Grančičová, Katarína, 1967- 
700 1 |a Hrušovská, Dana, 1964- 
700 1 |a Romanová, Anita, 1973-